Vyzerala som ako také mladé teľa

Bibliographic Details
Main Authors: Kopcsayová, Iris, 1967- (Author, Interviewer), Bittová, Iva, 1958- (Author)
Format: Article
Language:Slovak
PhysicalDescription:Fotogr.
ISSN:1335-440X
Subjects:

MARC

LEADER 00000nab a2200000 ar4500
001 vtls009179475
003 SK-MaSNL
005 20260426040437.0
008 080131c20071103xo dr|p|||||||000 b|slo
015 |a SNBRB2008/01  |2 snkbucl 
040 |a SNKBUCL  |b slo  |c SNKBUCL  |e AACR2 
041 0 |a slo 
044 |a xo  |c SK 
080 |a 791.221.41  |x (437.6)  |2 2001 
100 1 |a Kopcsayová, Iris,  |d 1967-  |4 ivr  |4 aut  |9 54190 
245 1 0 |a Vyzerala som ako také mladé teľa  |c Iris Kopcsayová, Iva Bittová 
300 |b Fotogr. 
500 |a Od 15.1.2007 návrat k pôvodnému vročeniu 
630 0 7 |a Ružové sny (film)  |2 snkbucl  |9 943970 
648 7 |a 1976  |2 snkbucl  |9 279488 
700 1 |a Bittová, Iva,  |d 1958-  |4 ive  |4 aut  |9 1637015 
773 0 |t Sme  |g Roč. 15, č. 253 (3.11.2007)  |x 1335-440X 
773 0 8 |i Príl.:  |t Víkend  |g S. 28 
852 |a SNK  |b KIS3GCP 
958 |a SK 
999 |c 1711321  |d 1713251